| 000 | 00664nam a2200241Ia 4500 | ||
|---|---|---|---|
| 003 | BUBTL | ||
| 008 | 151213s9999 xx 000 0 und d | ||
| 020 | _a8171180183 | ||
| 041 | _aEnglish | ||
| 082 | _a346.5402/ P2734m/ 1990 | ||
| 100 |
_aPathak, Harshendu S. _94588 |
||
| 245 |
_aMulla on The Indian Contract Act/ _cHarshendu S. Pathak |
||
| 250 | _a11th edn | ||
| 260 |
_aBombay _bN. M. Tripathi Private Limited _cc1990 |
||
| 300 |
_a[xliii], :340p. : _b23 cm |
||
| 500 | _aIncludes Index | ||
| 526 | _aLaw | ||
| 650 | _aLaw | ||
| 700 |
_aH. S . Pathak _94589 |
||
| 856 |
_k0 _l0 _yDownload |
||
| 942 |
_2ddc _cBK |
||
| 999 |
_c3399 _d3399 |
||